International Monetary Fund, (Record no. 5859)

MARC details
005 - DATE AND TIME OF LATEST TRANSACTION
control field 20250628080147.0
020 ## - INTERNATIONAL STANDARD BOOK NUMBER
International Standard Book Number 1-55775-385-7
082 ## - DEWEY DECIMAL CLASSIFICATION NUMBER
Classification number 338.5
100 ## - MAIN ENTRY--PERSONAL NAME
Author name INTERNATIONAL MONENTARY FUND,
245 ## - TITLE STATEMENT
Title International Monetary Fund,
260 ## - PUBLICATION, DISTRIBUTION, ETC.
Place of publication, distribution, etc. Washington DC,
Name of publisher, distributor, etc. International Monetary Fund, Publication Services,
Date of publication, distribution, etc. 1994.
300 ## - PHYSICAL DESCRIPTION
Extent x.; 186p: ill,; table,
Dimensions 28cm.
942 ## - ADDED ENTRY ELEMENTS (KOHA)
Source of classification or shelving scheme Dewey Decimal Classification
Koha item type Books
Holdings
Date last seen Total checkouts Full call number Barcode Cost, replacement price Price effective from Koha item type Lost status Source of classification or shelving scheme Damaged status Not for loan Withdrawn status Home library Current library Shelving location Date acquired Cost, normal purchase price
06/28/2025   338.5 INT DOM0002654 135000.00 06/28/2025 Books   Dewey Decimal Classification       CBE Dodoma CBE Dodoma General Collection 01/30/2004 45000.00